| 000 | 00466nam a2200181Ia 4500 | ||
|---|---|---|---|
| 005 | 20250115002235.0 | ||
| 008 | 240331s9999 xx 000 0 und d | ||
| 020 | _a0415162556 | ||
| 082 |
_bTAM _22977 _a305.3 |
||
| 245 | 0 |
_aGender Ironies of Nationalism: _bSexing the Nation |
|
| 260 |
_aLondon _aNew York _bRoutledge _c2000 |
||
| 300 | _axiii, 362 p., | ||
| 650 | _aGender | ||
| 650 | _aNationalism | ||
| 650 | _aSexuality | ||
| 700 |
_aMayer, T _eedt |
||
| 942 | _cL | ||
| 999 |
_c1572 _d1572 |
||